00399nam a2200157Ia 45000010006000000050017000060080041000230410008000640820016000721000029000882450071001172600009001883000028001976500008002256540008002332526720260414151138.0260414t2020||||xx |||||||||||||| ||spa|| aESP a346.43bP27 aPasco Arauco, Alan,eAUT 0aFe pública registral :bnálisis doctrinario y jurisprudencial c2020 a478 páginas :c25 cm. aDER aCDE